| 000 | 00375 a2200157 4500 | ||
|---|---|---|---|
| 001 | 90867 | ||
| 082 | _a174.4 SHA | ||
| 090 |
_c43039 _d43039 |
||
| 100 | _aWilliam H Shaw | ||
| 245 |
_aBusiness Ethics, 8/e _cWilliam H Shaw |
||
| 250 | _a8th | ||
| 260 |
_c2014 _aUSA _bWadsworth |
||
| 300 | _axii, 465 p. | ||
| 500 | _atextbook Aviation sciences DOS | ||
| 610 | _aetthics | ||
| 942 |
_aCAE NUST _k174.4 SHA |
||
| 999 |
_c325940 _d325940 |
||